000 00841nam a2200229 i 4500
001 bg
100 1 _aBOROWICZ, Tadeusz
245 0 0 _aWybrane zagadnienia z mechaniki technicznej :
_bkonspekt wykładów i ćwiczeń.
_nCz. 1,
_p/
_cTadeusz Borowicz, Waldemar Szaniec.
260 _aKielce :
_bDział Wydawnictw PŚ,
_c1993
_e(Kiel. :
_fPŚ).
300 _a754 s. :
_brys. ;
_c24 cm.
490 1 _aMateriały Pomocnicze i Informacyjne Politechniki Świętokrzyskiej,
_x0239-6394 ;
_vnr 33
650 9 _aMechanika stosowana
655 _aPodręczniki akademickie
700 1 _aSZANIEC, Waldemar
830 _aMateriały Pomocnicze i Informacyjne Politechniki Świętokrzyskiej,
_x0239-6394 ;
015 _aPB 4565/93
040 _cBPK
041 0 _apl
080 _a621.01(075.8)
942 _cKS
008 s pl f |000 0 pol
999 _c6343
_d6343
856 _uhttp://koha.tu.koszalin.pl/cgi-bin/koha/opac-detail.pl?biblionumber=6343
_yKatalog online BPK